Washington State Cities - Sudden Death - Statistics

General Stats
  • This quiz has been taken 55 times
  • The average score is 13 of 20
Answers on the Grid
Answers color-coded by a green-red scale on the quiz's grid according to % correct below.
Seattle
Tacoma
Everett
Spokane
Ellensburg
Yakima
Pullman
Vancouver
Bellingham
Bellevue
Enumclaw
Walla Walla
Pasco
Aberdeen
Port Angeles
Forks
Marysville
Renton
Kent
Lynnwood
Beaverton
Astoria
Bend
Portland
Coeur d'Alene
Moscow
Kamloops
Surrey
Victoria
Kalispell
Missoula
Boise
Eureka
Redding
Elko
Glacier View
Yakutat
Red Deer
Saskatoon
Lander
 
Answer Stats
Answer % Correct
Tacoma
83%
Everett
76%
Renton
76%
Bellevue
72%
Spokane
72%
Vancouver
72%
Bellingham
69%
Seattle
69%
Walla Walla
69%
Kent
66%
Marysville
62%
Pasco
62%
Yakima
62%
Ellensburg
59%
Port Angeles
59%
Pullman
59%
Lynnwood
55%
Enumclaw
52%
Aberdeen
48%
Forks
48%
No matching quizzes found
Score Distribution
Percent of People with Each Score
Percentile by Number Answered
Your Score History
You have not taken this quiz